Aespa all mv's - Statistics

General Stats
  • This quiz has been taken 99 times
  • The average score is 14 of 17
Answer Stats
Picture Answer % Correct
Drama
99%
Supernova
97%
Spicy
96%
Black mamba
94%
Whiplash
94%
Next level
93%
Armageddon
92%
Girls
90%
Savage
89%
Better things
81%
Forever
75%
Welcome to MY world
72%
Dreams come true
71%
Hot mess
69%
Life's too short
57%
Live my life
55%
Beautiful Christmas
53%
No matching quizzes found
Score Distribution
Percent of People with Each Score
Percentile by Number Answered
Your Score History
You have not taken this quiz